LEADER 00629nam a2200181 4500 001 991004256337707536 005 20221111103145.0 008 221111s1901 ne 001 0 grc d 040 $aBibl. Dip.le Aggr. Studi Umanistici - Sez. Filologia Classica$bita 100 0 $aAristophanes$0602827 245 10$aAristophanis Acharnenses /$ccum prolegomenis et commentariis edidit J. Van Leeuwen 246 30$aAcharnenses 260 $aLugduni Batavorum :$bA.W. Sijthoff,$c1901 300 $axviii, 198 p. ;$c25 cm. 700 1 $aLeeuwen, Jan van 912 $a991004256337707536 996 $aAristophanis Acharnenses$93377651 997 $aUNISALENTO